amenophis iv. Echnaton : mit selbstzeugnissen und bilddokumenten /

محفوظ في:

المؤلف الرئيسي: schlogl, hermann alexander

التنسيق: كتاب

اللغة: Undetermined

منشور في: reinbek bei hamburg : rowoholt, 1986.

سلاسل: rowohlts monographien; 350

الموضوعات:

الوسوم: إضافة وسم

لا توجد وسوم, كن أول من يضع وسما على هذه التسجيلة!

رقم الطلب: DT87.4 .A4 S35

LEADER 00772nam a2200193Ia 4500
008 220401s9999||||xx |||||||||||||| ||und||
020 |a 3499503506 
050 4 |a DT87.4 .A4 S35 
100 1 |a schlogl, hermann alexander 
245 1 0 |a amenophis iv. Echnaton :  |b mit selbstzeugnissen und bilddokumenten /  |c hermann alexander schlogl. 
264 1 |a reinbek bei hamburg :  |b rowoholt,  |c 1986. 
300 |a 144p. :  |b ill. ;  |c 19cm. 
490 0 |a rowohlts monographien; 350 
500 |a includes biBLiographical references. 
650 1 4 |a akhenaton, king of egypt. 
650 1 4 |a egypt kings and rulers biography. 
942 |2 lcc  |c BK 
952 |0 0  |1 0  |2 lcc  |4 0  |6 DT00874 A4 S35  |7 1  |9 39540  |a ARCE  |b ARCE  |d 2022-04-01  |l 0  |o DT87.4 .A4 S35  |p 1004756  |r 2022-04-01 00:00:00  |w 2022-04-01  |y BK 
999 |c 47121  |d 47121